| Tag |
First Indicator |
Second Indicator |
Subfields |
| LEADER |
00000cas a2200000 a 4500 |
| 001 |
in00001808430 |
| 005 |
20151025203044.0 |
| 006 |
m d |
| 007 |
cr cn||||||||| |
| 008 |
020822d19972009ne qr pss 0 0eng c |
| 010 |
|
|
|a 2008233933
|
| 019 |
|
|
|a 60624326
|a 173431570
|
| 022 |
|
|
|y 1366-0071
|
| 029 |
1 |
|
|a OCLCS
|b 58757
|
| 029 |
1 |
|
|a OCLCS
|b OP-20128
|
| 029 |
1 |
|
|a NZ1
|b 8691256
|
| 029 |
1 |
|
|a AU@
|b 000024280752
|
| 029 |
1 |
|
|a AU@
|b 000028442208
|
| 035 |
|
|
|a (OCoLC)ocm50448965
|
| 035 |
|
|
|a (OCoLC)50448965
|z (OCoLC)60624326
|z (OCoLC)173431570
|
| 040 |
|
|
|a OUN
|c OUN
|d TWT
|d OCLCQ
|d EYM
|d GUA
|d OCLCS
|d TXA
|d UtOrBLW
|
| 042 |
|
|
|a lcd
|
| 049 |
|
|
|a TXAM
|
| 050 |
1 |
4 |
|a RB127
|b .A28 Electronic
|
| 130 |
0 |
|
|a Acute pain (Online)
|
| 245 |
1 |
0 |
|a Acute pain :
|b international journal of acute pain management.
|
| 264 |
|
1 |
|a Netherlands :
|b Elsevier Science,
|c [1997-2009]
|
| 310 |
|
|
|a Quarterly
|
| 336 |
|
|
|a text
|b txt
|2 rdacontent
|
| 337 |
|
|
|a computer
|b c
|2 rdamedia
|
| 338 |
|
|
|a online resource
|b cr
|2 rdacarrier
|
| 362 |
1 |
|
|a Began with: Vol. 1, no. 1 (Dec. 1997); ceased with: Vol. 11, issue 3/4 (2009).
|
| 500 |
|
|
|a Description based on first issue; title from contents screen (ScienceDirect, viewed May 14, 2008).
|
| 500 |
|
|
|a Last issue consulted (ScienceDirect, viewed Dec. 1, 2009).
|
| 538 |
|
|
|a Mode of access: World Wide Web.
|
| 500 |
|
|
|a Electronic resource.
|
| 650 |
|
0 |
|a Pain
|v Periodicals.
|
| 650 |
|
0 |
|a Pain
|x Treatment
|v Periodicals.
|
| 650 |
1 |
2 |
|a Pain Management
|v Periodicals.
|
| 650 |
2 |
2 |
|a Pain
|v Periodicals.
|
| 776 |
0 |
8 |
|i Print version:
|t Acute pain
|x 1366-0071
|w (DLC)sn 99039614
|w (OCoLC)41640451
|
| 994 |
|
|
|a C0
|b TXA
|
| 949 |
|
|
|a updated
|b h
|c 2009/12/1
|e lfurubot
|g CF cessation
|
| 999 |
|
|
|a MARS
|
| 999 |
f |
f |
|s 84bdfab9-ea7d-362c-8fdb-86cd1463623a
|i 07ede4df-1136-3bbe-a33f-f684a210d3a8
|t 0
|
| 952 |
f |
f |
|a Texas A&M University
|b College Station
|c Electronic Resources
|d Available Online
|t 0
|e RB127 .A28
|g Electronic
|h Library of Congress classification
|
| 998 |
f |
f |
|a RB127 .A28
|t 0
|l Available Online
|